Andrew Marvell Bibliography - Statistics

General Stats
  • This quiz has been taken 4 times
  • The average score is 3 of 55
Answer Stats
Type Year Name % Correct
Poem 1649-1660 To His Coy Mistress
100%
Poem ???? An Horatian Ode upon Cromwell's Return from Ireland
75%
Poem ???? Hortus
50%
Poem ???? The Garden
50%
Poem ???? Bermudas
25%
Poem ???? Eyes and Tears
25%
Poem ???? A Dialogue, Between The Resolved Soul, and Created Pleasure
0%
Poem ???? A Dialogue Between the Soul and Body
0%
Poem ???? A Dialogue between Thyrsis and Dorinda
0%
Poem ???? A Letter to Doctor Ingelo
0%
Poem ???? Ametas and Thestylis Making Hay-Ropes
0%
Poem ???? A Poem upon the Death of His Late Highnesse the Lord Protector
0%
Poem ???? Clorinda and Damon
0%
Poem ???? Damon the Mower
0%
Poem ???? Daphnis and Chloe
0%
Poem ???? Dignissimo suo Amico Doctori Wittie: De Translatione Vulgi Errorum D. Primrosii
0%
Poem ???? Epigramma in Duos Montes Amosclivum Et Bilboreum
0%
Poem ???? Epigramme upon Blood's Attempt to Steale the Crown
0%
Poem ???? Fleckno, an English Priest at Rome
0%
Poem ???? In Eandem Reginae Sueciae Transmissam
0%
Poem ???? In Effigiem Oliveri Cromwell
0%
Poem ???? In Legationem Domini Oliveri St. John ad Provincias Foederatas
0%
Poem ???? Inscribenda Luparae
0%
Poem ???? In the French Translation of Lucan, by Monsieur De Brebeuf Are These Verses
0%
Poem ???? Magdala, Iascivos Sic Quum Dimisit Amantes
0%
Poem ???? Mourning
0%
Poem ???? Musicks Empire
0%
Poem ???? On a Drop of Dew
0%
Poem 1674 On Mr. Milton's Paradise Lost
0%
Poem ???? On the Victory Obtained by Blake Over the Spaniards
0%
Poem ???? Ros
0%
Poem ???? The Character of Holland
0%
Poem ???? The Coronet
0%
Poem ???? The Definition of Love
0%
Poem ???? The Fair Singer
0%
Poem ???? The First Anniversary of the Government Under His Highness The Lord Protector
0%
Poem ???? The Gallery
0%
Poem ???? The Last Instructions to a Painter
0%
Poem ???? The Match
0%
Poem ???? The Mower, Against Gardens
0%
Poem 1681 The Mower's Song
0%
Poem ???? The Mower to the Glo-Worms
0%
Poem ???? The Nymph Complaining for the Death of Her Fawn
0%
Poem ???? The Picture of Little T.C. in a Prospect of Flowers
0%
Poem ???? The Second Chorus from Seneca's Tragedy, Thyestes
0%
Poem ???? The Unfortunate Lover
0%
Poem ???? To a Gentleman That Only Upon the Sight of the Author's Writing...
0%
Poem ???? To His Noble Friend, Mr. Richard Lovelace, upon His Poems
0%
Poem ???? To His Worthy Friend Doctor Witty upon His Translation of the Popular Errors
0%
Poem ???? Tom May's Death
0%
Poem ???? Two Songs at the Marriage of the Lord Fauconberg and the Lady Mary Cromwell
0%
Poem ???? Upon an Eunuch; a Poet
0%
Poem 1651 Upon Appleton House
0%
Poem ???? Upon the Hill and Grove at Bill-borow
0%
Poem ???? Young Love
0%
No matching quizzes found
Score Distribution
Percent of People with Each Score
Percentile by Number Answered
Your Score History
You have not taken this quiz